Lógica, biología y sociología médica /

Kaydedildi:
Detaylı Bibliyografya
Yazar: Samaja, Juan Alfonso
Materyal Türü: Metin
Konular:
Etiketler: Etiketle
Etiket eklenmemiş, İlk siz ekleyin!

MARC

LEADER 00000 a a2200000 04500
001 47446
003
040
090 |a REV0857 4 (10) 1978  
100 |a Samaja, Juan Alfonso  
245 |a Lógica, biología y sociología médica /  |c Juan Alfonso Samaja  
500 |a III Parte  
650 |a SOCIOLOGIA  
650 |a MEDIO SOCIAL  
650 |a SALUD  
650 |a ENFERMEDAD  
773 |g volumen4, número10, mayo-agosto (1978)  
999 |c 34719  |d 34719